The contested city (Record no. 79831)

MARC details
000 -LEADER
fixed length control field 00951nam a2200217 a 4500
008 - FIXED-LENGTH DATA ELEMENTS--GENERAL INFORMATION
fixed length control field 120416s1983 ||||||||||||||||| || u
020 ## - INTERNATIONAL STANDARD BOOK NUMBER
International Standard Book Number 0691076596
050 ## - LIBRARY OF CONGRESS CALL NUMBER
Classification number JS 344.F4 Mol
100 ## - MAIN ENTRY--PERSONAL NAME
Personal name Mollenkopf, John H., 1946-
245 14 - TITLE STATEMENT
Title The contested city
260 ## - PUBLICATION, DISTRIBUTION, ETC.
Place of publication, distribution, etc. Princeton, N.J.
Name of publisher, distributor, etc. Princeton University Press
Date of publication, distribution, etc. 1983
300 ## - PHYSICAL DESCRIPTION
Extent xii, 328p : ill
350 ## -
-- 0.00
500 ## - GENERAL NOTE
General note Includes bibliographical references and index.
650 ## - SUBJECT ADDED ENTRY--TOPICAL TERM
Topical term or geographic name entry element POLITICS
650 ## - SUBJECT ADDED ENTRY--TOPICAL TERM
Topical term or geographic name entry element FEDERAL--CITY RELATIONS--UNITED STATES
650 ## - SUBJECT ADDED ENTRY--TOPICAL TERM
Topical term or geographic name entry element San Francisco (Calif.)-- Politics and government
650 ## - SUBJECT ADDED ENTRY--TOPICAL TERM
Topical term or geographic name entry element BOSTON (MASS)--POLITICS AND GOVERNMENT
995 ## -
-- ANNEX COLLECTION (Main Library)
-- 0.00
-- 709299
-- CBU-MAIN LIBRARY (Kitwe)
-- 2
-- 0.00
-- JS 344.F4 Mol
-- 2
-- AVAILABLE
-- 009101
-- Annex Low-Usage Collection
995 ## -
-- ANNEX COLLECTION (Main Library)
-- 0.00
-- 709298
-- CBU-MAIN LIBRARY (Kitwe)
-- 1
-- 0.00
-- JS 344.F4 Mol
-- 1
-- AVAILABLE
-- 009100
-- Annex Low-Usage Collection
999 ## -
-- 79831
-- 79831
Holdings
Withdrawn status Lost status Source of classification or shelving scheme Damaged status Not for loan Permanent Location Current Location Shelving location Date acquired Total Checkouts Full call number Barcode Date last seen Copy number Price effective from Koha item type
          CBU-MAIN LIBRARY, KITWE. CBU-MAIN LIBRARY, KITWE.   06/29/2023   JS 344.F4 Mol 009101 06/29/2023 1 06/29/2023 MONOGRAPH
          CBU-MAIN LIBRARY, KITWE. CBU-MAIN LIBRARY, KITWE.   06/29/2023   JS 344.F4 Mol 009100 06/29/2023 2 06/29/2023 MONOGRAPH